Social Democracy vs. Big Tech (notice n° 1573200)
[ vue normale ]
| 000 -LEADER | |
|---|---|
| fixed length control field | 01236cam a2200157 4500500 |
| 005 - DATE AND TIME OF LATEST TRANSACTION | |
| control field | 20251214025930.0 |
| 041 ## - LANGUAGE CODE | |
| Language code of text/sound track or separate title | fre |
| 042 ## - AUTHENTICATION CODE | |
| Authentication code | dc |
| 100 10 - MAIN ENTRY--PERSONAL NAME | |
| Personal name | Aucante, Yohann |
| Relator term | author |
| 245 00 - TITLE STATEMENT | |
| Title | Social Democracy vs. Big Tech |
| 260 ## - PUBLICATION, DISTRIBUTION, ETC. | |
| Date of publication, distribution, etc. | 2025.<br/> |
| 500 ## - GENERAL NOTE | |
| General note | 18 |
| 520 ## - SUMMARY, ETC. | |
| Summary, etc. | The long strike led by the Swedish trade unions against the American multinational Tesla that refuses to ratify the local collective agreements is unprecedented in its scale. Yet, it has not been closely studied. The article tries to locate it more precisely in the complex historical and changing landscape of Swedish social democracy, in order to understand its stakes that are essential for the future of collective bargaining in that country and beyond, since this is the first strike in the world against one of the most powerful car companies. Through this unique conflict, we can grasp the dynamics of resistance to forms of capitalism which, although claiming to embrace sustainable development, are in fact sometimes strongly hostile to trade unionism and workers’ rights. |
| 786 0# - DATA SOURCE ENTRY | |
| Note | Pouvoirs | 195 | 4 | 2025-10-06 | p. 91-103 | 0152-0768 |
| 856 41 - ELECTRONIC LOCATION AND ACCESS | |
| Uniform Resource Identifier | <a href="https://droit.cairn.info/journal-pouvoirs-2025-4-page-91?lang=en&redirect-ssocas=7080">https://droit.cairn.info/journal-pouvoirs-2025-4-page-91?lang=en&redirect-ssocas=7080</a> |
Pas d'exemplaire disponible.




Réseaux sociaux